Археологические раскопки на территории Нижнего Поволжья / (Record no. 429632)
[ view plain ]
| 000 -LEADER | |
|---|---|
| fixed length control field | 01414nam a22002657a 4500 |
| 003 - CONTROL NUMBER IDENTIFIER | |
| control field | AM-YeHGA |
| 005 - DATE AND TIME OF LATEST TRANSACTION | |
| control field | 20250617155252.0 |
| 008 - FIXED-LENGTH DATA ELEMENTS--GENERAL INFORMATION | |
| fixed length control field | 181128s1947 ru a||||r|||||001|0|rus|| |
| 040 ## - CATALOGING SOURCE | |
| Original cataloging agency | AM-YeHGA |
| 041 0# - LANGUAGE CODE | |
| Language code of text/sound track or separate title | rus |
| 090 ## - LOCALLY ASSIGNED LC-TYPE CALL NUMBER (OCLC); LOCAL CALL NUMBER (RLIN) | |
| -- | 432179 |
| 100 1# - MAIN ENTRY--PERSONAL NAME | |
| Personal name | Синицын, Иван Васильевич, |
| Dates associated with a name | 1900-1972 |
| 245 10 - TITLE STATEMENT | |
| Title | Археологические раскопки на территории Нижнего Поволжья / |
| Statement of responsibility, etc. | И. В. Синицын ; [Отв. ред. проф. В.С. Елпатьевский] ; Сарат. гос. ун-т им. Н. Г. Чернышевского. |
| 260 ## - PUBLICATION, DISTRIBUTION, ETC. | |
| Place of publication, distribution, etc. | Саратов : |
| Name of publisher, distributor, etc. | Изд. СГУ, |
| Date of publication, distribution, etc. | 1947. |
| 300 ## - PHYSICAL DESCRIPTION | |
| Extent | 134 с., 10 с. ил. : |
| Other physical details | ил. ; |
| Dimensions | 21 см. |
| 504 ## - BIBLIOGRAPHY, ETC. NOTE | |
| Bibliography, etc. note | Библиогр. : с. 133-134 (34 назв.) |
| 650 14 - SUBJECT ADDED ENTRY--TOPICAL TERM | |
| Topical term or geographic name entry element | Археология |
| General subdivision | История |
| 650 14 - SUBJECT ADDED ENTRY--TOPICAL TERM | |
| Topical term or geographic name entry element | Археологические исследования |
| General subdivision | Раскопки |
| Geographic subdivision | Нижнее Поволжье |
| 650 14 - SUBJECT ADDED ENTRY--TOPICAL TERM | |
| Topical term or geographic name entry element | Археологические памятники |
| Geographic subdivision | Нижнее Поволжье |
| 650 14 - SUBJECT ADDED ENTRY--TOPICAL TERM | |
| Topical term or geographic name entry element | Могильники и курганы |
| Geographic subdivision | Нижнее Поволжье |
| 650 14 - SUBJECT ADDED ENTRY--TOPICAL TERM | |
| Topical term or geographic name entry element | Скифская культура |
| General subdivision | Памятники |
| 700 1# - ADDED ENTRY--PERSONAL NAME | |
| Personal name | Елпатьевский, В.С. |
| Relator term | ред. |
| Relationship | edt |
| 710 2# - ADDED ENTRY--CORPORATE NAME | |
| Corporate name or jurisdiction name as entry element | Саратовский государственный университет им. Н. Г. Чернышевского |
| 942 ## - ADDED ENTRY ELEMENTS (KOHA) | |
| Source of classification or shelving scheme | Universal Decimal Classification |
| Koha item type | Գրքեր / Books |
| Withdrawn status | Lost status | Source of classification or shelving scheme | Damaged status | Not for loan | Collection | Home library | Current library | Date acquired | Total checkouts | Full call number | Barcode | Date last seen | Price effective from | Koha item type | Public note |
|---|---|---|---|---|---|---|---|---|---|---|---|---|---|---|---|
| Universal Decimal Classification | General | Fundamental Scientific Library | Fundamental Scientific Library | 10/04/2019 | РД II/59079 | FL0569923 | 10/04/2019 | 10/04/2019 | Գրքեր / Books | 30 Days Load |
ՀՀ Գիտությունների ազգային ակադեմիայի հիմնարար գիտական գրադարան = Fundamental Scientific Library of NAS RA
All site content, except where otherwise noted, is licensed under a